Eastern Utah Libraries Catalog: Duchesne, Heber, Roosevelt, & Vernal

Jack Ryan : shadow recruit / (Record no. 110906)

MARC details
000 -LEADER
fixed length control field 04379cgm a2200865Ii 4500
001 - CONTROL NUMBER
control field ocn877981770
003 - CONTROL NUMBER IDENTIFIER
control field OCoLC
005 - DATE AND TIME OF LATEST TRANSACTION
control field 20241220140950.0
008 - FIXED-LENGTH DATA ELEMENTS--GENERAL INFORMATION
fixed length control field 140423s2014 cau105 e vleng d
007 - PHYSICAL DESCRIPTION FIXED FIELD--GENERAL INFORMATION
fixed length control field vd cvaizq
040 ## - CATALOGING SOURCE
Original cataloging agency TEFMT
Language of cataloging eng
Description conventions rda
Transcribing agency TEFMT
Modifying agency TEF
-- DYJ
-- BDX
-- TEFMT
-- OCLCO
-- IEP
-- PX0
-- JNE
-- OCLCO
-- OCLCA
-- UINTA
019 ## -
-- 869883033
020 ## - INTERNATIONAL STANDARD BOOK NUMBER
International Standard Book Number 1415776881
020 ## - INTERNATIONAL STANDARD BOOK NUMBER
International Standard Book Number 9781415776889
024 1# - OTHER STANDARD IDENTIFIER
Standard number or code 097363526445
024 1# - OTHER STANDARD IDENTIFIER
Standard number or code 097363526469
028 42 - PUBLISHER NUMBER
Publisher number 352644
Source Paramount
028 42 - PUBLISHER NUMBER
Publisher number 35264
Source Paramount
029 1# - (OCLC)
OCLC library identifier NZ1
System control number 15391730
035 ## - SYSTEM CONTROL NUMBER
System control number (OCoLC)877981770
Canceled/invalid control number (OCoLC)869883033
037 ## - SOURCE OF ACQUISITION
Source of stock number/acquisition Midwest Tape
Note http://www.midwesttapes.com
041 1# - LANGUAGE CODE
Language code of text/sound track or separate title eng
-- fre
-- spa
-- eng
-- fre
-- por
-- spa
Language code of original and/or intermediate translations of text eng
050 #4 - LIBRARY OF CONGRESS CALL NUMBER
Classification number PN1997.2
Item number .S53 2014
082 04 - DEWEY DECIMAL CLASSIFICATION NUMBER
Classification number 791.43/72
Edition number 23
049 ## - LOCAL HOLDINGS (OCLC)
Holding library UCLB
092 ## - LOCALLY ASSIGNED DEWEY CALL NUMBER (OCLC)
Classification number 791.437
245 00 - TITLE STATEMENT
Title Jack Ryan : shadow recruit /
Statement of responsibility, etc Paramount Pictures and Skydance Productions present ; a Lorenzo di Bonaventura/Mace Neufeld production ; produced by Mace Neufeld, Lorenzo di Bonaventura, David Barron, Mark Vahradian ; written by Adam Cozad and David Koepp ; directed by Kenneth Branagh.
246 30 - VARYING FORM OF TITLE
Title proper/short title Shadow recruit
264 #2 - Production, Publication, Distribution, Manufacture, and Copyright Notice.
Place of production, publication, distribution, manufacture Hollywood, California :
Name of producer, publisher, distributor, manufacturer Paramount,
Date of production, publication, distribution, manufacture, or copyr [2014]
300 ## - PHYSICAL DESCRIPTION
Extent 1 videodisc (105 minutes) :
Other physical details sound, color ;
Dimensions 4 3/4 in.
336 ## - Content Type
Content type term two-dimensional moving image
337 ## - Media type
Media type term video
338 ## - Carrier type
Carrier type term videodisc
340 ## - PHYSICAL MEDIUM
Dimensions 4 3/4 in.
-- rda
344 ## -
-- digital
-- optical
-- surround
-- Dolby Digital 5.1
-- rda
345 ## -
-- widescreen
-- 24 fps
-- rda
346 ## -
-- NTSC
-- rda
347 ## -
-- video file
-- DVD video
-- Region 1
-- rda
380 ## -
-- Motion picture
538 ## - SYSTEM DETAILS NOTE
System details note DVD, NTSC region 1, widescreen presentation; 5.1 Dolby Digital.
546 ## - LANGUAGE NOTE
Language note In English, dubbed French or dubbed Spanish; English, French, Spanish, or Portuguese subtitles; closed-captioned; English audio description track for people with visual disabilities.
588 ## -
-- Title from disc surface.
511 1# - PARTICIPANT OR PERFORMER NOTE
Participant or performer note Chris Pine, Kevin Costner, Keira Knightley, Kenneth Branagh.
508 ## - CREATION/PRODUCTION CREDITS NOTE
Creation/production credits note Music, Patrick Doyle ; editor, Martin Walsh ; director of photography, Haris Zambarloukous.
500 ## - GENERAL NOTE
General note Originally released as a motion picture in 2014.
500 ## - GENERAL NOTE
General note Based on characters created by Tom Clancy.
521 8# - TARGET AUDIENCE NOTE
Target audience note MPAA Rating: PG-13; for sequences of violence and intense action, and brief strong language.
520 ## - SUMMARY, ETC.
Summary, etc A global action thriller set in the present day. This original story follows a young Jack as he uncovers a financial terrorist plot. When Ryan believes he's uncovered a Russian plot to collapse the United States economy, he goes from being an analyst to becoming a spy and must fight to save his own life and those of countless others, while also trying to protect the thing that's more important to him than anything, his relationship with his fiancé Cathy.
650 #0 - SUBJECT ADDED ENTRY--TOPICAL TERM
Topical term or geographic name as entry element Ryan, Jack, Jr. (Fictitious character)
Form subdivision Drama.
9 (RLIN) 6518517
650 #0 - SUBJECT ADDED ENTRY--TOPICAL TERM
Topical term or geographic name as entry element Terrorism
Form subdivision Drama.
9 (RLIN) 5725081
650 #0 - SUBJECT ADDED ENTRY--TOPICAL TERM
Topical term or geographic name as entry element Spies
Form subdivision Drama.
9 (RLIN) 5709316
650 #0 - SUBJECT ADDED ENTRY--TOPICAL TERM
Topical term or geographic name as entry element Man-woman relationships
Form subdivision Drama.
9 (RLIN) 5673977
655 #7 - INDEX TERM--GENRE/FORM
Genre/form data or focus term Action and adventure films.
Source of term lcgft
9 (RLIN) 6272807
655 #7 - INDEX TERM--GENRE/FORM
Genre/form data or focus term Thrillers (Motion pictures)
Source of term lcgft
9 (RLIN) 6272808
655 #7 - INDEX TERM--GENRE/FORM
Genre/form data or focus term Feature films.
Source of term lcgft
9 (RLIN) 6272809
655 #7 - INDEX TERM--GENRE/FORM
Genre/form data or focus term Video recordings for the hearing impaired.
Source of term lcgft
9 (RLIN) 6272810
655 #7 - INDEX TERM--GENRE/FORM
Genre/form data or focus term Video recordings for people with visual disabilities.
Source of term lcgft
9 (RLIN) 5676923
700 1# - ADDED ENTRY--PERSONAL NAME
Personal name Branagh, Kenneth,
Relator term film director,
-- actor.
9 (RLIN) 75479
700 1# - ADDED ENTRY--PERSONAL NAME
Personal name Cozad, Adam,
Relator term screenplay.
9 (RLIN) 5923523
700 1# - ADDED ENTRY--PERSONAL NAME
Personal name Koepp, David,
Relator term screenplay.
9 (RLIN) 38820
700 1# - ADDED ENTRY--PERSONAL NAME
Personal name Neufeld, Mace,
Relator term film producer.
9 (RLIN) 59350
700 1# - ADDED ENTRY--PERSONAL NAME
Personal name Di Bonaventura, Lorenzo,
Relator term film producer.
9 (RLIN) 56219
700 1# - ADDED ENTRY--PERSONAL NAME
Personal name Vahradian, Mark,
Relator term film producer.
9 (RLIN) 73101
700 1# - ADDED ENTRY--PERSONAL NAME
Personal name Barron, David
Titles and other words associated with a name (Film producer),
Relator term film producer.
9 (RLIN) 5902521
700 1# - ADDED ENTRY--PERSONAL NAME
Personal name Pine, Chris,
Dates associated with a name 1980-
Relator term actor.
9 (RLIN) 73208
700 1# - ADDED ENTRY--PERSONAL NAME
Personal name Costner, Kevin,
Relator term actor.
9 (RLIN) 26001
700 1# - ADDED ENTRY--PERSONAL NAME
Personal name Knightley, Keira,
Dates associated with a name 1985-
Relator term actor.
9 (RLIN) 69837
700 1# - ADDED ENTRY--PERSONAL NAME
-- Motion picture adaptation of (work):
Personal name Clancy, Tom,
Dates associated with a name 1947-2013.
9 (RLIN) 5683723
710 2# - ADDED ENTRY--CORPORATE NAME
Corporate name or jurisdiction name as entry element Paramount Pictures Corporation,
Relator term presenter,
-- production company,
-- film distributor.
9 (RLIN) 7712
710 2# - ADDED ENTRY--CORPORATE NAME
Corporate name or jurisdiction name as entry element Skydance Productions,
Relator term presenter,
-- production company.
9 (RLIN) 61255
938 ## -
-- Brodart
-- BROD
-- 109035739
942 ## - ADDED ENTRY ELEMENTS (KOHA)
Koha item type DVD
994 ## -
-- C0
-- UINTA
998 ## - LOCAL CONTROL INFORMATION (RLIN)
-- a186723
Holdings
Withdrawn status Lost status Source of classification or shelving scheme Damaged status Not for loan Collection code Home library Current library Shelving location Date acquired Source of acquisition Cost, normal purchase price Total Checkouts Total Renewals Full call number Barcode Date last seen Date checked out Cost, replacement price Price effective from Koha item type
    Dewey Decimal Classification     Movies Wasatch County Library Wasatch County Library Audio Visual Area 10/31/2014 Amazon 15.95 110 18 DVD Jac 34301001391848 02/15/2025 01/29/2025 15.95 03/20/2020 DVD
This project was made possible through a grant from the Institute of Museum and Library Service administered by the Utah State Library Division.

Wasatch County Library

  • 465 East 1200 South, Heber City, Utah 84032
  • Phone 435-654-1511 | Fax 435-654-6456

Hours

  • Monday - Friday 9:30 AM - 8:00 PM
  • Saturday 9:30 AM - 1:30 PM
  • Closed Sundays and Holidays